000 00375 a2200169 4500
001 190841
020 _a
040 _cMagnum
100 _aCoutinho, Carmen Lemos
240 1 0 _aO menino que mandava na chuva
_lpor
245 1 0 _aO menino que mandava na chuva
300 _a27
362 0 _a1995
440 1 _aLĂȘ
697 _aLITERATURA INFANTO-JUVENIL
942 _cBK
999 _c190841
_d190841